Learn Every Country - Statistics

General Stats
  • This quiz has been taken 227 times
  • The average score is 82 of 196
Answers on the Map
Answers color-coded by a green-red scale on the quiz's map according to % correct below.
 
Answer Stats
Country % Correct
United States
90%
Brazil
89%
Canada
89%
Russia
89%
Japan
86%
Mexico
86%
China
85%
United Kingdom
85%
Australia
82%
France
82%
Italy
82%
Iceland
81%
North Korea
79%
South Korea
79%
India
78%
Germany
76%
Spain
76%
Argentina
75%
Ukraine
75%
Chile
74%
Egypt
71%
Ireland
71%
Finland
69%
Norway
69%
Portugal
69%
South Africa
69%
Sweden
68%
Denmark
65%
New Zealand
65%
Niger
65%
Madagascar
64%
Switzerland
64%
Greece
63%
Mongolia
63%
Thailand
63%
Turkey
63%
Venezuela
63%
Bolivia
61%
Colombia
61%
Iran
61%
Peru
61%
Iraq
60%
Israel
60%
Netherlands
60%
Poland
58%
Indonesia
57%
Kazakhstan
57%
Panama
57%
Austria
56%
Cuba
56%
Democratic Republic of the Congo
56%
Pakistan
56%
Belgium
54%
Nigeria
54%
Philippines
54%
Republic of the Congo
54%
Morocco
51%
Ecuador
50%
Saudi Arabia
50%
Afghanistan
49%
Costa Rica
49%
Vietnam
49%
Yemen
49%
Czech Republic
47%
Hungary
47%
Romania
47%
Croatia
46%
Dominica
46%
Dominican Republic
46%
Jamaica
46%
Latvia
46%
Sudan
46%
Taiwan
46%
Albania
44%
El Salvador
44%
Papua New Guinea
44%
Uruguay
44%
Bangladesh
43%
Belarus
43%
Guatemala
43%
Haiti
43%
Somalia
43%
Lithuania
42%
Luxembourg
42%
Nepal
42%
Paraguay
42%
Algeria
40%
Cambodia
40%
Serbia
40%
South Sudan
40%
Zimbabwe
40%
Belize
39%
Estonia
39%
Ethiopia
39%
Kenya
39%
Malaysia
39%
Slovakia
39%
Sri Lanka
39%
Botswana
38%
Fiji
38%
Laos
38%
Uzbekistan
38%
Bahamas
36%
Bulgaria
36%
Georgia
36%
Honduras
36%
Jordan
36%
Libya
36%
Turkmenistan
36%
Vatican City
36%
Chad
35%
Qatar
35%
Slovenia
35%
United Arab Emirates
35%
Cyprus
33%
Guyana
33%
Tanzania
33%
Ghana
32%
Oman
32%
Syria
32%
Uganda
32%
Mali
31%
Nicaragua
31%
Senegal
31%
Singapore
31%
Suriname
31%
Lebanon
29%
Moldova
29%
Andorra
28%
Angola
28%
North Macedonia
28%
Tunisia
28%
Zambia
28%
Bosnia and Herzegovina
26%
Kuwait
26%
Myanmar
26%
Rwanda
26%
Tonga
26%
Armenia
25%
Bhutan
25%
Namibia
25%
Samoa
25%
Togo
25%
Brunei
24%
Central African Republic
24%
Federated States of Micronesia
24%
Ivory Coast
24%
Liberia
24%
Malta
24%
Montenegro
24%
Saint Lucia
24%
San Marino
24%
Solomon Islands
24%
Vanuatu
24%
Cameroon
22%
Maldives
22%
Mauritania
22%
Monaco
22%
Tajikistan
22%
Trinidad and Tobago
22%
Tuvalu
22%
Azerbaijan
21%
Bahrain
21%
Barbados
21%
Burundi
21%
Cape Verde
21%
Gambia
21%
Guinea
21%
Kiribati
21%
Kosovo
21%
Kyrgyzstan
21%
Lesotho
21%
Mozambique
21%
Mauritius
19%
Palau
19%
Saint Kitts and Nevis
19%
Saint Vincent and the Grenadines
19%
Burkina Faso
18%
Gabon
18%
Liechtenstein
18%
Malawi
18%
Marshall Islands
18%
Seychelles
18%
Benin
17%
Djibouti
17%
Equatorial Guinea
17%
Eritrea
17%
Nauru
17%
Antigua and Barbuda
15%
Eswatini
15%
Sierra Leone
15%
São Tomé and Príncipe
14%
East Timor
14%
Grenada
14%
Guinea-Bissau
13%
Comoros
11%
No matching quizzes found
Score Distribution
Percent of People with Each Score
Percentile by Number Answered
Your Score History
You have not taken this quiz